[Event "European Team-ch 2007 Femenino"]
[Site "Creta GRE"]
[Date "2007.10.31"]
[Round "4.12"]
[White "Pavlidou, Ekaterini"]
[Black "Franciskovic, Borka"]
[Result "0-1"]
[WhiteElo "2003"]
[BlackElo "2227"]
[PlyCount "88"]
[EventDate "2007.10.28"]
[EventType "team"]
[EventRounds "9"]
[EventCountry "GRE"]
[Source "lmi"]
[SourceDate "2007.10.28"]
[WhiteTeam "GRE2"]
[BlackTeam "Croatia"]
[BlackTeamCountry "CRO"]

1. d4 Nf6 2. c4 e6 3. Nc3 Bb4 4. Qc2 d5 5. e3 c5 6. Nf3 cxd4 7. exd4 Nc6 8. a3
Bxc3+ 9. bxc3 h6 10. Bd3 dxc4 11. Bxc4 O-O 12. O-O b6 13. a4 Bb7 14. Ba3 Re8
15. Rad1 Na5 16. Bb5 Bc6 17. Ne5 Bxb5 18. axb5 Nd7 19. Bb4 Nxe5 20. dxe5 Qc7
21. Rd6 Nb7 22. Rd4 Qxe5 23. Rd7 Nc5 24. Bxc5 Qxc5 25. Qd3 Re7 26. Rd6 Rc7 27.
Rc1 Rac8 28. c4 g6 29. g3 Kh7 30. h4 Qe5 31. Rd4 Rc5 32. f4 Qf6 33. Rf1 R8c7
34. Re4 Qf5 35. Qe2 h5 36. Rd1 Qh3 37. Qd3 Qg4 38. Rf1 Qf5 39. Qe2 Rd7 40. Re5
Qf6 41. Kg2 Qd8 42. Rxc5 bxc5 43. Qe5 Qa8+ 44. Kh3 Rd2 0-1

[Event "European Team-ch 2007 Femenino"]
[Site "Creta GRE"]
[Date "2007.10.31"]
[Round "4.12"]
[White "Sargac, Rajna"]
[Black "Fragaki, Maria"]
[Result "1-0"]
[WhiteElo "2170"]
[BlackElo "1922"]
[PlyCount "85"]
[EventDate "2007.10.28"]
[EventType "team"]
[EventRounds "9"]
[EventCountry "GRE"]
[Source "lmi"]
[SourceDate "2007.10.28"]
[WhiteTeam "Croatia"]
[BlackTeam "GRE2"]
[WhiteTeamCountry "CRO"]

1. e4 c5 2. Nc3 Nc6 3. f4 d6 4. Nf3 g6 5. Bc4 Bg7 6. O-O e6 7. d3 Nge7 8. Qe1
O-O 9. Qh4 f6 10. a4 d5 11. Ba2 Kh8 12. Bd2 Nb4 13. Bb1 b6 14. e5 Nf5 15. Qe1
Nc6 16. g4 Nfd4 17. exf6 Bxf6 18. Qg3 Nxf3+ 19. Qxf3 Nd4 20. Qg2 Bb7 21. Nd1
Qd7 22. Ra3 c4 23. c3 Nb3 24. d4 Nxd4 25. cxd4 Bxd4+ 26. Be3 Bxe3+ 27. Nxe3 d4
28. Be4 Bxe4 29. Qxe4 dxe3 30. Rxe3 Qd5 31. Qxe6 Qxe6 32. Rxe6 Rad8 33. Re4 Rd2
34. Rf2 Rxf2 35. Kxf2 Rd8 36. Rxc4 Rd2+ 37. Kg3 Rxb2 38. Rc8+ Kg7 39. Rc7+ Kf6
40. g5+ Kf5 41. Rf7+ Ke4 42. Re7+ Kf5 43. Re5# 1-0

[Event "European Team-ch 2007 Femenino"]
[Site "Creta GRE"]
[Date "2007.10.31"]
[Round "4.13"]
[White "Tsiganova, Monika"]
[Black "Seps, Monika"]
[Result "1/2-1/2"]
[WhiteElo "2216"]
[BlackElo "2290"]
[PlyCount "90"]
[EventDate "2007.10.28"]
[EventType "team"]
[EventRounds "9"]
[EventCountry "GRE"]
[Source "lmi"]
[SourceDate "2007.10.28"]
[WhiteTeam "Estonia"]
[BlackTeam "Switzerland"]
[WhiteTeamCountry "EST"]
[BlackTeamCountry "SUI"]

1. d4 Nf6 2. c4 g6 3. Nc3 Bg7 4. Nf3 O-O 5. Bf4 d6 6. h3 Nfd7 7. e3 e5 8. Bh2
Nc6 9. Be2 Re8 10. d5 Ne7 11. O-O f5 12. Rb1 a5 13. a3 Bf6 14. Qc2 Kh8 15. Rfd1
Rg8 16. b4 b6 17. Na4 axb4 18. axb4 Bb7 19. c5 bxc5 20. bxc5 Bxd5 21. Rxd5 Nxd5
22. Bc4 Rxa4 23. Bxd5 Nxc5 24. Nxe5 Rf8 25. Nf7+ Rxf7 26. Bxf7 Qa8 27. Bf4 Kg7
28. Bc4 Qe4 29. Qxe4 Nxe4 30. Bd3 Ra1 31. f3 Rxb1+ 32. Bxb1 Nc3 33. Bd3 Nd5 34.
Kf2 Bh4+ 35. g3 Be7 36. e4 Nxf4 37. gxf4 Kf6 38. Bb5 Ke6 39. Bc4+ Kf6 40. Bd5
Bf8 41. Bc6 g5 42. fxg5+ Kxg5 43. Ke3 f4+ 44. Kd4 Bg7+ 45. Kd5 Be5 1/2-1/2

[Event "European Team-ch 2007 Femenino"]
[Site "Creta GRE"]
[Date "2007.10.31"]
[Round "4.13"]
[White "Narva, Regina"]
[Black "Heinatz, Dr  Gundula"]
[Result "0-1"]
[WhiteElo "2067"]
[BlackElo "2193"]
[PlyCount "166"]
[EventDate "2007.10.28"]
[EventType "team"]
[EventRounds "9"]
[EventCountry "GRE"]
[Source "lmi"]
[SourceDate "2007.10.28"]
[WhiteTeam "Estonia"]
[BlackTeam "Switzerland"]
[WhiteTeamCountry "EST"]
[BlackTeamCountry "SUI"]

1. e4 c5 2. Nf3 Nc6 3. d4 cxd4 4. Nxd4 g6 5. Nc3 Bg7 6. Nb3 Nf6 7. Be2 d6 8.
O-O O-O 9. Re1 a6 10. h3 b5 11. Bf1 Bb7 12. Bg5 h6 13. Bh4 Rc8 14. a4 b4 15.
Nd5 g5 16. Bg3 Nxd5 17. exd5 Ne5 18. f4 Nc4 19. fxg5 hxg5 20. Bxc4 Rxc4 21. Qd3
Qc7 22. Rxe7 Qxe7 23. Qxc4 Qe3+ 24. Bf2 Qe5 25. Re1 Qxd5 26. Qxd5 Bxd5 27. Rd1
Bxb3 28. cxb3 Rc8 29. Bd4 Be5 30. Bxe5 dxe5 31. Rd6 Rc2 32. Rxa6 Rxb2 33. Ra5
f6 34. Rb5 Rxb3 35. a5 Ra3 36. Rxb4 Rxa5 37. Rb7 Ra2 38. Rc7 Kf8 39. Rb7 Ke8
40. Rc7 Rd2 41. Kf1 Rd7 42. Rc6 Ke7 43. Ra6 Rd6 44. Ra4 Ke6 45. Ra5 Rd2 46.
Ra6+ Rd6 47. Ra5 f5 48. Rb5 e4 49. Ra5 Rd5 50. Ra4 Ke5 51. Ke2 Rb5 52. Ra2 Rb3
53. Kf2 Kf4 54. Rc2 Rd3 55. Rc5 Rd2+ 56. Kf1 Ke3 57. Rc3+ Rd3 58. Rc1 f4 59.
Re1+ Kd4 60. Ra1 Rc3 61. Rd1+ Kc4 62. Re1 e3 63. Rd1 Rc2 64. Rd8 Rd2 65. Rc8+
Kd3 66. Rd8+ Kc2 67. Ra8 Rf2+ 68. Kg1 Kd3 69. Ra3+ Ke4 70. Ra4+ Kf5 71. Ra6 Rc2
72. Kf1 Rc1+ 73. Ke2 Rg1 74. g4+ Ke4 75. Ra4+ Ke5 76. Ra5+ Kd4 77. Ra4+ Kc3 78.
Ra3+ Kb4 79. Ra8 Rg2+ 80. Kf1 f3 81. Re8 e2+ 82. Ke1 Rg1+ 83. Kd2 Rd1+ 0-1

[Event "European Team-ch 2007 Femenino"]
[Site "Creta GRE"]
[Date "2007.10.31"]
[Round "4.13"]
[White "Lematschko, Tatjana"]
[Black "Bashkite, Viktoria"]
[Result "1/2-1/2"]
[WhiteElo "2189"]
[BlackElo "2188"]
[PlyCount "115"]
[EventDate "2007.10.28"]
[EventType "team"]
[EventRounds "9"]
[EventCountry "GRE"]
[Source "lmi"]
[SourceDate "2007.10.28"]
[WhiteTeam "Switzerland"]
[BlackTeam "Estonia"]
[WhiteTeamCountry "SUI"]
[BlackTeamCountry "EST"]

1. d4 d5 2. c4 e6 3. Nf3 Nf6 4. Nc3 c6 5. cxd5 exd5 6. Qc2 Bd6 7. Bg5 h6 8. Bh4
Nbd7 9. e3 Qa5 10. Bd3 O-O 11. O-O a6 12. a3 Qc7 13. Bg3 Re8 14. Rfe1 Bxg3 15.
hxg3 Qd6 16. Rac1 Nf8 17. Na4 Bg4 18. Qc5 Rad8 19. Ne5 Bc8 20. Qxd6 Rxd6 21. b4
N8d7 22. Nxd7 Nxd7 23. Bf5 Nb8 24. Bxc8 Rxc8 25. Nb6 Rc7 26. Rc3 Nd7 27. Nxd7
Rcxd7 28. Rec1 Kf8 29. a4 Ke7 30. Rc5 h5 31. Kf1 Rg6 32. b5 cxb5 33. axb5 Rb6
34. bxa6 Rxa6 35. Rb1 Rc6 36. Rcb5 Rcc7 37. R1b2 Kd8 38. Ke2 Kc8 39. Kd3 Rc6
40. Rc5 Kc7 41. f3 f5 42. Rbc2 Rdd6 43. e4 fxe4+ 44. fxe4 dxe4+ 45. Kxe4 b6 46.
Rxc6+ Rxc6 47. Rf2 Rf6 48. Rc2+ Kd6 49. d5 b5 50. Kd4 Rf1 51. Rc6+ Kd7 52. Kc5
Rf2 53. Rg6 Rc2+ 54. Kxb5 Rxg2 55. Rxg7+ Kd6 56. Rg5 h4 57. gxh4 Rxg5 58. hxg5
1/2-1/2

[Event "European Team-ch 2007 Femenino"]
[Site "Creta GRE"]
[Date "2007.10.31"]
[Round "4.14"]
[White "Andersson, Christin"]
[Black "Sammalvuo, Niina"]
[Result "0-1"]
[WhiteElo "2209"]
[BlackElo "2254"]
[PlyCount "104"]
[EventDate "2007.10.28"]
[EventType "team"]
[EventRounds "9"]
[EventCountry "GRE"]
[Source "lmi"]
[SourceDate "2007.10.28"]
[WhiteTeam "Sweden"]
[BlackTeam "Finland"]
[WhiteTeamCountry "SWE"]
[BlackTeamCountry "FIN"]

1. e4 e5 2. Nf3 Nf6 3. Nc3 Nc6 4. d4 exd4 5. Nxd4 Bb4 6. Qd3 Qe7 7. f3 d5 8.
Nxc6 bxc6 9. Bd2 dxe4 10. fxe4 Bg4 11. Qc4 Qc5 12. Qxc5 Bxc5 13. h3 Bh5 14. g4
Bg6 15. Bd3 O-O 16. O-O-O Rfe8 17. Rde1 Bd4 18. Rhf1 Bxc3 19. Bxc3 Nxe4 20. Ba5
Ng5 21. Ba6 Ne6 22. Bb7 Rab8 23. Bxc6 Red8 24. Rxe6 fxe6 25. Bxc7 Rf8 26. Rxf8+
Rxf8 27. Bg3 Bxc2 28. Bd6 Rd8 29. Be7 Rc8 30. Bd7 Rc7 31. Bxe6+ Kh8 32. Bd8 Rc6
33. Bd5 Rc5 34. Be7 Rxd5 35. Kxc2 Kg8 36. b4 Kf7 37. Bc5 a6 38. a4 Ke6 39. Kc3
Rd1 40. h4 Rh1 41. Bf2 Rh2 42. Be1 Re2 43. Bd2 Re4 44. g5 Rxh4 45. Kd3 Kd5 46.
Be1 Rh3+ 47. Kc2 Kc4 48. Kb2 Rb3+ 49. Kc2 Rxb4 50. Bc3 Rb7 51. Kd2 Re7 52. Ba1
Kb4 0-1

[Event "European Team-ch 2007 Femenino"]
[Site "Creta GRE"]
[Date "2007.10.31"]
[Round "4.14"]
[White "Rantanen, Tanja"]
[Black "Johansson, Viktoria"]
[Result "1-0"]
[WhiteElo "2089"]
[BlackElo "2203"]
[PlyCount "59"]
[EventDate "2007.10.28"]
[EventType "team"]
[EventRounds "9"]
[EventCountry "GRE"]
[Source "lmi"]
[SourceDate "2007.10.28"]
[WhiteTeam "Finland"]
[BlackTeam "Sweden"]
[WhiteTeamCountry "FIN"]
[BlackTeamCountry "SWE"]

1. e4 c5 2. c3 Nf6 3. e5 Nd5 4. d4 cxd4 5. Nf3 Nc6 6. Bc4 Nb6 7. Bb3 d5 8. exd6
Qxd6 9. O-O Be6 10. Na3 dxc3 11. Nb5 Qxd1 12. Rxd1 Rc8 13. Bxe6 fxe6 14. Nxc3
g6 15. Re1 e5 16. Nxe5 Nxe5 17. Rxe5 Bg7 18. Re2 Kf7 19. Bg5 e6 20. Nb5 Nc4 21.
Rc1 a6 22. Rxc4 axb5 23. Rf4+ Kg8 24. Rb4 Rc4 25. h4 Kf7 26. Rd2 Rb8 27. Rd7+
Kg8 28. Be3 Rc2 29. Rxb5 Rxb2 30. Rxg7+ 1-0

[Event "European Team-ch 2007 Femenino"]
[Site "Creta GRE"]
[Date "2007.10.31"]
[Round "4.14"]
[White "Savola, Laura"]
[Black "Horn, Emilia"]
[Result "1/2-1/2"]
[WhiteElo "2040"]
[BlackElo "2074"]
[PlyCount "114"]
[EventDate "2007.10.28"]
[EventType "team"]
[EventRounds "9"]
[EventCountry "GRE"]
[Source "lmi"]
[SourceDate "2007.10.28"]
[WhiteTeam "Finland"]
[BlackTeam "Sweden"]
[WhiteTeamCountry "FIN"]
[BlackTeamCountry "SWE"]

1. d4 d5 2. c4 c6 3. Nf3 Nf6 4. Nc3 dxc4 5. a4 Bf5 6. Ne5 e6 7. f3 Bb4 8. Nxc4
O-O 9. Bg5 h6 10. Bh4 c5 11. dxc5 Qxd1+ 12. Kxd1 Rd8+ 13. Kc1 g5 14. Bf2 Nbd7
15. e4 Bg6 16. Be2 Nxc5 17. Kc2 Rac8 18. Bxc5 Bxc5 19. Kb3 a6 20. Rhd1 Bd4 21.
a5 e5 22. Rd2 Nd7 23. Nd5 Kf8 24. Rad1 f5 25. Ndb6 Nxb6 26. axb6 Bf7 27. exf5
Rd6 28. Rc2 Rxb6+ 29. Ka3 Bxc4 30. Bxc4 Bxb2+ 31. Rxb2 Rxb2 32. Kxb2 Rxc4 33.
Rd5 e4 34. Kb3 b5 35. fxe4 Rxe4 36. Rd6 a5 37. Rxh6 Re3+ 38. Kb2 Re2+ 39. Kb3
Rxg2 40. Rb6 a4+ 41. Ka3 Rxh2 42. Rxb5 Rh1 43. f6 Ra1+ 44. Kb2 Rg1 45. Rb7 g4
46. Rg7 g3 47. Ka2 g2 48. Kb2 Ke8 49. Re7+ Kd8 50. Rb7 Ke8 51. Re7+ Kf8 52. Rg7
a3+ 53. Ka2 Ke8 54. Re7+ Kd8 55. Rg7 Kc8 56. f7 Rf1 57. Rxg2 Rxf7 1/2-1/2

[Event "European Team-ch 2007 Femenino"]
[Site "Creta GRE"]
[Date "2007.11.01"]
[Round "5.1"]
[White "Kosintseva, Tatiana"]
[Black "Rajlich, Iweta"]
[Result "0-1"]
[WhiteElo "2492"]
[BlackElo "2411"]
[PlyCount "186"]
[EventDate "2007.10.28"]
[EventType "team"]
[EventRounds "9"]
[EventCountry "GRE"]
[Source "lmi"]
[SourceDate "2007.10.28"]
[WhiteTeam "Russia"]
[BlackTeam "Poland"]
[WhiteTeamCountry "RUS"]
[BlackTeamCountry "POL"]

1. e4 e6 2. d4 d5 3. Nc3 Bb4 4. e5 c5 5. a3 Bxc3+ 6. bxc3 Qa5 7. Bd2 Qa4 8. Rb1
c4 9. Qc1 Nc6 10. h4 b6 11. h5 Bd7 12. Nf3 O-O-O 13. Be2 h6 14. Kf1 Rf8 15. Rh3
Nge7 16. Kg1 Kb7 17. Nh4 Be8 18. Rg3 Rfg8 19. f4 Bd7 20. Kh2 g6 21. Rh3 Nf5 22.
Nxf5 gxf5 23. Be1 Rb8 24. Bh4 Rhg8 25. Bf6 a5 26. g4 fxg4 27. Rg3 Na7 28. Ra1
Nb5 29. Qd2 Ka6 30. Rxg4 Rxg4 31. Bxg4 Rg8 32. Bd1 Bc8 33. Bh4 f5 34. exf6 Nd6
35. Bf3 Nf5 36. Bf2 Rf8 37. Qe2 Rxf6 38. Ra2 Rf8 39. Qe5 Kb7 40. Bg4 Qb5 41.
Qe1 Ka7 42. a4 Qd7 43. Qe5 Bb7 44. Ra1 Bc6 45. Bh3 Rg8 46. Qf6 Qc7 47. Qe5 Qf7
48. Qe2 Ka6 49. Qe5 Re8 50. Bg4 Rg8 51. Bf3 Qd7 52. Bd1 Re8 53. Bg4 Bxa4 54.
Ra2 Bc6 55. Ra1 Rg8 56. Bf3 Nd6 57. Re1 Ne4 58. Bh4 Qf7 59. Re3 Qg7 60. Qxg7
Rxg7 61. Re1 Rf7 62. Bxe4 dxe4 63. Kg3 Rf5 64. Kg4 Rb5 65. Bg5 Rb2 66. Bxh6
Rxc2 67. Bf8 Rg2+ 68. Kh3 Rg8 69. Bd6 Be8 70. Rxe4 Bxh5 71. Kh4 Bg4 72. Re1 Bf5
73. Ra1 Rg4+ 74. Kh5 Rg3 75. Ra3 Kb5 76. Kh4 Rg4+ 77. Kh5 Rg2 78. Bc7 Rb2 79.
d5 exd5 80. Kg5 Bd7 81. Be5 Rf2 82. Kf6 d4 83. Ke7 dxc3 84. Kxd7 c2 85. Bb2
Rxf4 86. Ra1 Rf3 87. Rc1 c3 88. Ba3 Ka4 89. Ra1 Rd3+ 90. Kc6 Kb3 91. Bc1 Rd1
92. Ra3+ Kb4 93. Ra1 Rxc1 0-1

[Event "European Team-ch 2007 Femenino"]
[Site "Creta GRE"]
[Date "2007.11.01"]
[Round "5.1"]
[White "Zawadzka, Jolanta"]
[Black "Kosintseva, Nadezhda"]
[Result "1/2-1/2"]
[WhiteElo "2371"]
[BlackElo "2469"]
[PlyCount "125"]
[EventDate "2007.10.28"]
[EventType "team"]
[EventRounds "9"]
[EventCountry "GRE"]
[Source "lmi"]
[SourceDate "2007.10.28"]
[WhiteTeam "Poland"]
[BlackTeam "Russia"]
[WhiteTeamCountry "POL"]
[BlackTeamCountry "RUS"]

1. e4 e5 2. Nf3 Nc6 3. Bb5 a6 4. Ba4 Nf6 5. O-O Be7 6. Re1 b5 7. Bb3 O-O 8. h3
Bb7 9. d3 d6 10. a3 Na5 11. Ba2 c5 12. Nc3 Nc6 13. Nd5 Nxd5 14. Bxd5 Qc7 15. c3
Nb8 16. Bxb7 Qxb7 17. b4 Nd7 18. Qb3 Rfc8 19. Be3 c4 20. dxc4 Rxc4 21. Nd2 Rc7
22. a4 Nf6 23. axb5 axb5 24. Ra5 Rac8 25. Ra7 Qc6 26. Rea1 Nxe4 27. R1a6 Qxc3
28. Rxc7 Rxc7 29. Ra8+ Bf8 30. Nxe4 Qc6 31. Rxf8+ Kxf8 32. Qd3 Ke7 33. Bd2 f5
34. Nc3 Ke6 35. Nxb5 Rb7 36. Na3 Qd5 37. Qc3 Kd7 38. b5 f4 39. Qb4 Ke6 40. Kh2
g6 41. f3 Qc5 42. Qb3+ Qd5 43. Qb2 Qc5 44. Bb4 Qd5 45. Qc3 Kd7 46. Qc2 Rb8 47.
Qa4 Ra8 48. Ba5 Qd4 49. Nc4 Rxa5 50. Qxa5 Qxc4 51. Qa7+ Kc8 52. b6 Qc6 53. Qxh7
Qxb6 54. Qxg6 Qd8 55. Qg4+ Qd7 56. Qg6 Qe7 57. Qh6 Kd7 58. h4 Ke8 59. Qg6+ Kf8
60. Kh3 Qd7+ 61. Kh2 Qe7 62. Kh3 Qd7+ 63. Kh2 1/2-1/2

[Event "European Team-ch 2007 Femenino"]
[Site "Creta GRE"]
[Date "2007.11.01"]
[Round "5.1"]
[White "Korbut, Ekaterina"]
[Black "Przezdziecka, Marta"]
[Result "1-0"]
[WhiteElo "2443"]
[BlackElo "2259"]
[PlyCount "51"]
[EventDate "2007.10.28"]
[EventType "team"]
[EventRounds "9"]
[EventCountry "GRE"]
[Source "lmi"]
[SourceDate "2007.10.28"]
[WhiteTeam "Russia"]
[BlackTeam "Poland"]
[WhiteTeamCountry "RUS"]
[BlackTeamCountry "POL"]

1. e4 c5 2. Nf3 Nc6 3. d4 cxd4 4. Nxd4 Nf6 5. Nc3 d6 6. Bg5 Bd7 7. Qd2 Rc8 8.
f4 Nxd4 9. Qxd4 Qa5 10. e5 dxe5 11. fxe5 e6 12. O-O-O Bc6 13. Nb5 Bxb5 14. exf6
Bc6 15. h4 g6 16. Bc4 Bc5 17. Qf4 Qa4 18. h5 gxh5 19. Rhe1 Bd7 20. Re4 Qc6 21.
Qd2 Rg8 22. Bd5 Qc7 23. Bf4 Bd6 24. Bxe6 Bxe6 25. Bxd6 Qb6 26. Qe2 1-0

[Event "European Team-ch 2007 Femenino"]
[Site "Creta GRE"]
[Date "2007.11.01"]
[Round "5.2"]
[White "Hoang, Thanh Trang"]
[Black "Muzychuk, Anna"]
[Result "1/2-1/2"]
[WhiteElo "2466"]
[BlackElo "2469"]
[PlyCount "95"]
[EventDate "2007.10.28"]
[EventType "team"]
[EventRounds "9"]
[EventCountry "GRE"]
[Source "lmi"]
[SourceDate "2007.10.28"]
[WhiteTeam "Hungary"]
[BlackTeam "Slovenija"]
[WhiteTeamCountry "HUN"]
[BlackTeamCountry "SLO"]

1. d4 Nf6 2. Bg5 e6 3. e4 h6 4. Bxf6 Qxf6 5. c3 c5 6. Nf3 Nc6 7. e5 Qd8 8. d5
exd5 9. Qxd5 d6 10. Bb5 Qb6 11. Bxc6+ bxc6 12. Qb3 Be6 13. Qxb6 axb6 14. Nbd2
dxe5 15. Nxe5 Bd6 16. Nef3 Bxa2 17. b3 O-O 18. O-O-O c4 19. bxc4 Ra4 20. Kb2
Rfa8 21. Ra1 Bf4 22. Rhe1 R8a5 23. Re4 Bxd2 24. Nxd2 b5 25. c5 Be6 26. Rexa4
bxa4 27. f3 Rb5+ 28. Kc2 Bf5+ 29. Ne4 Bxe4+ 30. fxe4 Ra5 31. c4 Kf8 32. Kc3
Rxc5 33. Rxa4 Rh5 34. h3 Rg5 35. Ra2 c5 36. g4 h5 37. Rg2 Ke7 38. Kd3 hxg4 39.
hxg4 Rg6 40. Ke3 Rd6 41. Ra2 Rd4 42. Kf4 g6 43. Ke5 Rxc4 44. Ra7+ Kf8 45. Kf6
Rxe4 46. Rxf7+ Ke8 47. Rc7 Rxg4 48. Rxc5 1/2-1/2

[Event "European Team-ch 2007 Femenino"]
[Site "Creta GRE"]
[Date "2007.11.01"]
[Round "5.2"]
[White "Krivec, Jana"]
[Black "Vajda, Szidonia"]
[Result "1/2-1/2"]
[WhiteElo "2315"]
[BlackElo "2407"]
[PlyCount "68"]
[EventDate "2007.10.28"]
[EventType "team"]
[EventRounds "9"]
[EventCountry "GRE"]
[Source "lmi"]
[SourceDate "2007.10.28"]
[WhiteTeam "Slovenija"]
[BlackTeam "Hungary"]
[WhiteTeamCountry "SLO"]
[BlackTeamCountry "HUN"]

1. e4 e5 2. Nc3 Nc6 3. g3 Bc5 4. Bg2 a6 5. Nge2 d6 6. d3 Nge7 7. Be3 Bxe3 8.
fxe3 O-O 9. O-O f5 10. exf5 Bxf5 11. e4 Bg4 12. Rxf8+ Qxf8 13. Qd2 Qf7 14. h3
Bxe2 15. Nxe2 Rf8 16. Kh2 Qh5 17. g4 Qh4 18. Ng3 g6 19. Rf1 Rxf1 20. Nxf1 Nd4
21. c3 Ne6 22. Qe3 b6 23. Nd2 Qf6 24. Nf3 g5 25. d4 Ng6 26. Bf1 Nh4 27. Nxh4
Qxf1 28. Qf3 Qb1 29. Qf6 Qxb2+ 30. Ng2 Nf4 31. Qd8+ Kf7 32. Qd7+ Kf8 33. Qd8+
Kf7 34. Qd7+ Kf8 1/2-1/2

[Event "European Team-ch 2007 Femenino"]
[Site "Creta GRE"]
[Date "2007.11.01"]
[Round "5.2"]
[White "Gara, Anita"]
[Black "Srebrnic, Ana"]
[Result "1/2-1/2"]
[WhiteElo "2315"]
[BlackElo "2278"]
[PlyCount "68"]
[EventDate "2007.10.28"]
[EventType "team"]
[EventRounds "9"]
[EventCountry "GRE"]
[Source "lmi"]
[SourceDate "2007.10.28"]
[WhiteTeam "Hungary"]
[BlackTeam "Slovenija"]
[WhiteTeamCountry "HUN"]
[BlackTeamCountry "SLO"]

1. e4 d6 2. d4 Nf6 3. Nc3 e5 4. dxe5 dxe5 5. Qxd8+ Kxd8 6. Bg5 Be6 7. O-O-O+
Nbd7 8. f4 exf4 9. Nf3 Kc8 10. Bxf4 c6 11. a3 Ng4 12. Rd2 Bc5 13. Nd4 Bxd4 14.
Rxd4 Nge5 15. Rd6 Ng6 16. Bg3 Kd8 17. h4 Ke7 18. Be2 Nge5 19. Rhd1 f6 20. Bf2
Rhd8 21. Na4 Nf7 22. R6d2 b6 23. b4 Nde5 24. Nb2 Rxd2 25. Rxd2 Nd6 26. Bd3 Ndc4
27. Bxc4 Nxc4 28. Nxc4 Bxc4 29. a4 Rd8 30. a5 Rxd2 31. Kxd2 bxa5 32. bxa5 a6
33. Kc3 Bf1 34. g3 Kd6 1/2-1/2

[Event "European Team-ch 2007 Femenino"]
[Site "Creta GRE"]
[Date "2007.11.01"]
[Round "5.2"]
[White "Rozic, Vesna"]
[Black "Gara, Ticia"]
[Result "1-0"]
[WhiteElo "2277"]
[BlackElo "2324"]
[PlyCount "97"]
[EventDate "2007.10.28"]
[EventType "team"]
[EventRounds "9"]
[EventCountry "GRE"]
[Source "lmi"]
[SourceDate "2007.10.28"]
[WhiteTeam "Slovenija"]
[BlackTeam "Hungary"]
[WhiteTeamCountry "SLO"]
[BlackTeamCountry "HUN"]

1. d4 Nf6 2. Nf3 g6 3. Bg5 Bg7 4. Nbd2 d6 5. e4 c5 6. dxc5 dxc5 7. c3 O-O 8.
Be2 Nc6 9. O-O Qc7 10. Qc2 h6 11. Be3 b6 12. h3 Nh5 13. Rfe1 Nf4 14. Bf1 Be6
15. Nc4 g5 16. a4 Ng6 17. Bd2 Rad8 18. Ne3 Nce5 19. Nxe5 Nxe5 20. Nf5 Bxf5 21.
exf5 c4 22. Be3 Nd3 23. Red1 Nf4 24. Qe4 Rc8 25. h4 Nh5 26. hxg5 hxg5 27. Bxg5
Nf6 28. Qf3 Rfd8 29. Rxd8+ Rxd8 30. Rd1 Rxd1 31. Qxd1 Ne4 32. Be3 Nd6 33. Qd5
Kh7 34. g4 Qd7 35. Bf4 Kg8 36. Bxc4 Qc7 37. Bd3 Kf8 38. Qa8+ Qc8 39. Qxa7 e5
40. fxe6 Qxe6 41. Qa8+ Ke7 42. Qf3 Qb3 43. Qe2+ Kd7 44. Bb5+ Nxb5 45. Qxb5+
Qxb5 46. axb5 Bf6 47. Be3 Bd8 48. Bd4 Ke6 49. c4 1-0

[Event "European Team-ch 2007 Femenino"]
[Site "Creta GRE"]
[Date "2007.11.01"]
[Round "5.3"]
[White "Botsari, Anna-Maria"]
[Black "Khurtsidze, Nino"]
[Result "1/2-1/2"]
[WhiteElo "2341"]
[BlackElo "2450"]
[PlyCount "40"]
[EventDate "2007.10.28"]
[EventType "team"]
[EventRounds "9"]
[EventCountry "GRE"]
[Source "lmi"]
[SourceDate "2007.10.28"]
[WhiteTeam "Greece"]
[BlackTeam "Georgia"]
[WhiteTeamCountry "GRE"]
[BlackTeamCountry "GEO"]

1. d4 Nf6 2. c4 e6 3. Nc3 Bb4 4. Qc2 O-O 5. a3 Bxc3+ 6. Qxc3 d6 7. Bg5 Nbd7 8.
e3 b6 9. Ne2 Ba6 10. Qc2 c5 11. Rd1 Qc7 12. Nc3 cxd4 13. Rxd4 e5 14. Rd1 Rac8
15. Qd3 Bxc4 16. Qxc4 Qxc4 17. Bxc4 Rxc4 18. Rxd6 h6 19. Bxf6 Nxf6 20. Ke2 Rfc8
1/2-1/2

[Event "European Team-ch 2007 Femenino"]
[Site "Creta GRE"]
[Date "2007.11.01"]
[Round "5.3"]
[White "Dzagnidze, Nana"]
[Black "Makropoulou, Marina"]
[Result "1-0"]
[WhiteElo "2416"]
[BlackElo "2243"]
[PlyCount "97"]
[EventDate "2007.10.28"]
[EventType "team"]
[EventRounds "9"]
[EventCountry "GRE"]
[Source "lmi"]
[SourceDate "2007.10.28"]
[WhiteTeam "Georgia"]
[BlackTeam "Greece"]
[WhiteTeamCountry "GEO"]
[BlackTeamCountry "GRE"]

1. d4 g6 2. e4 Bg7 3. Nc3 d6 4. f4 a6 5. Nf3 b5 6. Bd3 Bb7 7. O-O Nd7 8. e5 e6
9. Ne4 Bxe4 10. Bxe4 d5 11. Bd3 c5 12. c3 Ne7 13. g4 Qb6 14. Be3 c4 15. Bc2 h5
16. h3 hxg4 17. hxg4 O-O-O 18. Kg2 Rdf8 19. a4 f6 20. axb5 axb5 21. exf6 Nxf6
22. Ne5 Ne4 23. Ra8+ Kc7 24. Rxf8 Rxf8 25. Rh1 Bxe5 26. fxe5 Rf7 27. Qa1 Kb7
28. Rh8 Nc8 29. Qa3 Qc6 30. Qa5 Qb6 31. Qxb6+ Nxb6 32. Re8 b4 33. Rxe6 bxc3 34.
bxc3 Nxc3 35. Rxg6 Ne2 36. e6 Re7 37. Kf3 Nc3 38. Bg5 Re8 39. Rg7+ Kc6 40. e7
Ne4 41. Bxe4 dxe4+ 42. Kxe4 c3 43. Rg6+ Kb5 44. d5 c2 45. Rc6 Nc4 46. Kd4 Na3
47. Rc5+ Kb4 48. Bd2+ Kb3 49. d6 1-0

[Event "European Team-ch 2007 Femenino"]
[Site "Creta GRE"]
[Date "2007.11.01"]
[Round "5.3"]
[White "Fakhiridou, Ekaterini"]
[Black "Lomineishvili, Maia"]
[Result "1/2-1/2"]
[WhiteElo "2270"]
[BlackElo "2409"]
[PlyCount "89"]
[EventDate "2007.10.28"]
[EventType "team"]
[EventRounds "9"]
[EventCountry "GRE"]
[Source "lmi"]
[SourceDate "2007.10.28"]
[WhiteTeam "Greece"]
[BlackTeam "Georgia"]
[WhiteTeamCountry "GRE"]
[BlackTeamCountry "GEO"]

1. e4 c5 2. Nf3 d6 3. d4 cxd4 4. Nxd4 Nf6 5. Nc3 Nc6 6. g3 g6 7. Bg2 Nxd4 8.
Qxd4 Bg7 9. O-O O-O 10. Qb4 a5 11. Qb3 Be6 12. Nd5 Nd7 13. Bg5 Re8 14. Qe3 Nc5
15. c3 b5 16. Rad1 Rb8 17. Rd2 b4 18. Rfd1 Bxd5 19. exd5 bxc3 20. bxc3 Na4 21.
c4 Qb6 22. Qf3 Qb4 23. Bh3 Nb2 24. Rb1 Qxc4 25. Bd7 Red8 26. Bc6 Qxa2 27. Re1
Qb3 28. Re3 Qb4 29. Rxe7 Rf8 30. Re4 Qc3 31. Qxc3 Bxc3 32. Rc2 Be5 33. Be7 Nd3
34. Bxf8 Kxf8 35. Ra2 Rb1+ 36. Kg2 Ne1+ 37. Kh3 h5 38. f4 Bc3 39. Rf2 Kg7 40.
Rf1 Kf6 41. Re2 Ra1 42. Re3 Bd2 43. Re2 Bc3 44. Re3 Bd2 45. Re2 1/2-1/2

[Event "European Team-ch 2007 Femenino"]
[Site "Creta GRE"]
[Date "2007.11.01"]
[Round "5.4"]
[White "Lahno, Kateryna"]
[Black "Cmilyte, Viktorija"]
[Result "1/2-1/2"]
[WhiteElo "2459"]
[BlackElo "2464"]
[PlyCount "53"]
[EventDate "2007.10.28"]
[EventType "team"]
[EventRounds "9"]
[EventCountry "GRE"]
[Source "lmi"]
[SourceDate "2007.10.28"]
[WhiteTeam "Ukraine"]
[BlackTeam "Lithuania"]
[WhiteTeamCountry "UKR"]
[BlackTeamCountry "LTU"]

1. e4 e5 2. Nf3 Nc6 3. Bb5 a6 4. Ba4 Nf6 5. d3 d6 6. c3 Be7 7. O-O O-O 8. Re1
b5 9. Bc2 d5 10. Nbd2 dxe4 11. dxe4 Re8 12. Qe2 h6 13. a4 Bd7 14. Rd1 Bd6 15.
Nf1 Ne7 16. Ne3 Qb8 17. c4 Qb7 18. c5 Bxc5 19. Nxe5 Be6 20. axb5 axb5 21. Rxa8
Rxa8 22. Qd3 Bd6 23. Nf3 Nc6 24. Qe2 Re8 25. Bd3 Bd7 26. Bxb5 Nxe4 27. Bc4
1/2-1/2